[Event "Let's Play Chess!"]
[Site "http://www.queenalice.com/game.php?id=333675"]
[Date "2008.1.9"]
[Round "-"]
[White "AhlaxAnder"]
[Black "vulture"]
[Result "0-1"]
[WhiteElo "1309"]
[BlackElo "1561"]

1. e4 e5 2. Nf3 Nc6 3. Bc4 Bc5 4. c3 Nf6 5. a4 O-O 6. d3 d6 7. b4 Bxf2+ 8. Kxf2
Bg4 9. Rf1 a6 10. Kg1 b5 11. Bb3 Rb8 12. Nbd2 Qd7 13. h3 Bh5 14. axb5 axb5 15.
Qe1 Ne7 16. Qg3 Ng6 17. Nh4 Nf4 18. Kh2 Ne2 19. Qg5 h6 20. Qe3 Nxc3 21. Nb1 Qc6
22. Nxc3 Qxc3 23. Rb1 Qxb4 0-1

[Event "Let's Play Chess!"]
[Site "http://www.queenalice.com/game.php?id=335550"]
[Date "2008.1.14"]
[Round "-"]
[White "AhlaxAnder"]
[Black "YouLoseSorry"]
[Result "1-0"]
[WhiteElo "1293"]
[BlackElo "1488"]

1. e4 e5 2. Nf3 Nf6 3. Nc3 a6 4. Bc4 b5 5. Bb3 b4 6. Nd5 Nxd5 7. Bxd5 c6 8. Bb3
d5 9. Nxe5 dxe4 10. Nxf7 Ke7 11. Nxd8 1-0

[Event "Let's Play Chess!"]
[Site "http://www.queenalice.com/game.php?id=335554"]
[Date "2008.1.14"]
[Round "-"]
[White "YouLoseSorry"]
[Black "AhlaxAnder"]
[Result "1-0"]
[WhiteElo "1546"]
[BlackElo "1297"]

1. e3 e5 2. g4 d5 3. Nf3 e4 4. Ne5 Qg5 5. d4 exd3 6. Qf3 Qxe5 7. Bxd3 Nf6 8. Rg1
Qxh2 9. Kf1 h5 10. Rh1 Bxg4 11. Rxh2 1-0

[Event "Let's Play Chess!"]
[Site "http://www.queenalice.com/game.php?id=336002"]
[Date "2008.1.13"]
[Round "-"]
[White "AhlaxAnder"]
[Black "chessman"]
[Result "0-1"]
[WhiteElo "1281"]
[BlackElo "1976"]

1. e4 e6 2. d4 d5 3. e5 c5 4. c3 Nc6 5. Nf3 Qb6 6. b3 cxd4 7. cxd4 Bb4+ 8. Bd2
Nxd4 9. Bd3 Ne7 10. O-O Nxf3+ 11. Qxf3 Bxd2 12. Nxd2 Bd7 13. Qg3 O-O 14. Qh3 g6
15. Nf3 Kg7 16. Ng5 h6 17. Nf3 Nc6 18. Qg3 Nd4 19. Nxd4 Qxd4 20. Rfd1 Qb6 21.
Qh4 Qd8 22. Qxd8 Rfxd8 23. f4 Rdc8 24. g4 Rc3 25. h4 Rac8 26. Kf2 a6 27. g5 h5
28. Ke2 Bb5 29. Bxb5 axb5 30. b4 Rc2+ 31. Ke1 Rh2 0-1

[Event "Let's Play Chess!"]
[Site "http://www.queenalice.com/game.php?id=336005"]
[Date "2008.1.13"]
[Round "-"]
[White "Indefinable"]
[Black "AhlaxAnder"]
[Result "1-0"]
[WhiteElo "1918"]
[BlackElo "1100"]

1. e4 e5 2. Nc3 Bc5 3. Nf3 d6 4. Na4 Nd7 5. c3 b5 6. Bxb5 Nf6 7. Nxc5 dxc5 8.
Nxe5 O-O 9. Nxd7 Bxd7 10. Bxd7 Qxd7 11. Qf3 Rfe8 12. d3 Rad8 13. Bg5 Qxd3 14.
Qxd3 Rxd3 15. f3 Nd7 16. O-O f6 17. Bf4 Rc8 18. Rad1 Rxd1 19. Rxd1 Nf8 20. Rd5
Ne6 21. Be3 c4 22. Ra5 c5 23. Rxa7 Rb8 24. Re7 Nf8 25. Bxc5 Rxb2 26. Re8 Kf7 27.
Rxf8+ Kg6 28. a4 Rb1+ 29. Kf2 Rc1 30. Bb4 Rc2+ 31. Kg3 Ra2 32. a5 h5 33. h4 Ra4
34. Rc8 Kh7 35. Rxc4 g5 36. hxg5 fxg5 37. Rc6 1-0

[Event "Let's Play Chess!"]
[Site "http://www.queenalice.com/game.php?id=336006"]
[Date "2008.1.13"]
[Round "-"]
[White "Powerslave"]
[Black "AhlaxAnder"]
[Result "1-0"]
[WhiteElo "1698"]
[BlackElo "1293"]

1. d4 d5 2. Bf4 Nc6 3. Nf3 Bf5 4. e3 Nb4 5. Na3 Nf6 6. c3 Nc6 7. Bb5 Bd7 8. O-O
a6 9. Bd3 g6 10. c4 Bg7 11. Rb1 O-O 12. b4 b5 13. cxb5 axb5 14. Nxb5 1-0

[Event "Let's Play Chess!"]
[Site "http://www.queenalice.com/game.php?id=336007"]
[Date "2008.1.13"]
[Round "-"]
[White "AhlaxAnder"]
[Black "Powerslave"]
[Result "0-1"]
[WhiteElo "1293"]
[BlackElo "1696"]

1. e4 e6 2. d4 d5 3. e5 c5 4. c3 Nc6 5. Nf3 Qb6 6. a3 Nh6 7. g3 cxd4 8. Nxd4
Nxd4 9. Qxd4 Bc5 10. Qf4 O-O 11. b4 Be7 12. Bd3 Bd7 13. Be3 Qc7 14. O-O Nf5 0-1

[Event "Let's Play Chess!"]
[Site "http://www.queenalice.com/game.php?id=336026"]
[Date "2008.1.14"]
[Round "-"]
[White "AhlaxAnder"]
[Black "lucianovdemelo"]
[Result "0-1"]
[WhiteElo "1402"]
[BlackElo "1468"]

1. e4 e5 2. Nf3 Nc6 3. Nc3 Nf6 4. Bc4 Bb4 5. Nd5 d6 6. Nxb4 Nxb4 7. c3 Nc6 8. d3
Bg4 9. O-O O-O 10. h3 Bh5 11. b4 a6 12. a4 Qd7 13. Ba3 Rab8 14. b5 Na5 15. Ba2
axb5 16. axb5 Qxb5 0-1

[Event "Let's Play Chess!"]
[Site "http://www.queenalice.com/game.php?id=336027"]
[Date "2008.1.14"]
[Round "-"]
[White "DaLuz"]
[Black "AhlaxAnder"]
[Result "1-0"]
[WhiteElo "2044"]
[BlackElo "1285"]

1. e4 e5 2. Nf3 Nc6 3. Bb5 a6 4. Bxc6 dxc6 5. d4 exd4 6. Qxd4 Qxd4 7. Nxd4 Nf6
8. f3 Bc5 9. Be3 O-O 10. Nd2 Rd8 11. N2b3 b5 12. Nxc5 g6 13. O-O-O 1-0

[Event "Let's Play Chess!"]
[Site "http://www.queenalice.com/game.php?id=336028"]
[Date "2008.1.14"]
[Round "-"]
[White "AhlaxAnder"]
[Black "peaceman"]
[Result "0-1"]
[WhiteElo "1352"]
[BlackElo "1276"]

1. e4 e5 2. Nf3 Nc6 3. Bc4 Nf6 4. d3 d6 5. Ng5 Nb4 6. Nxf7 Qe7 7. Nxh8 Bd7 8. c3
Nc6 9. Nf7 Bg4 10. f3 Nh5 11. fxg4 Nf4 12. O-O g5 13. Na3 Na5 0-1

[Event "Let's Play Chess!"]
[Site "http://www.queenalice.com/game.php?id=336029"]
[Date "2008.1.14"]
[Round "-"]
[White "lucianovdemelo"]
[Black "AhlaxAnder"]
[Result "1-0"]
[WhiteElo "1481"]
[BlackElo "1335"]

1. d4 d5 2. c4 e6 3. Nc3 Ne7 4. Nf3 f6 5. Bf4 c6 6. e3 Ng6 7. c5 Nxf4 8. exf4 b6
9. cxb6 axb6 10. Bd3 Bd6 11. O-O O-O 12. Re1 Re8 13. Qc2 f5 14. Ne5 1-0

[Event "AUTO-OPEN-969"]
[Site "http://www.queenalice.com/game.php?id=336174"]
[Date "2008.1.14"]
[Round "1"]
[White "From77fr"]
[Black "AhlaxAnder"]
[Result "1-0"]
[WhiteElo "1942"]
[BlackElo "1285"]

1. d4 d5 2. c4 e6 3. Nc3 Nf6 4. Bg5 Bb4 5. e3 h6 6. Bxf6 Qxf6 7. Rc1 O-O 8. Bd3
c5 9. Nf3 Ba5 10. O-O Bb6 11. cxd5 exd5 12. Nxd5 1-0

[Event "1º TP-ROO"]
[Site "http://www.queenalice.com/game.php?id=356048"]
[Date "2008.2.17"]
[Round "1"]
[White "AhlaxAnder"]
[Black "edimarbr"]
[Result "0-1"]
[WhiteElo "1342"]
[BlackElo "1923"]

1. e4 e5 2. Nf3 Nc6 3. Bc4 Bc5 4. c3 Nf6 5. d4 exd4 6. cxd4 Bb4+ 7. Nbd2 Nxe4 8.
a3 Bxd2+ 9. Nxd2 Nxd2 10. Qxd2 d5 11. Ba2 Qe7+ 12. Qe3 Qxe3+ 13. fxe3 Be6 14.
O-O O-O 15. Bd2 Rae8 16. Rf3 f6 17. b4 a6 18. a4 Ne7 19. Bb1 Bg4 20. Rg3 f5 21.
h3 Be2 22. Kf2 Bc4 23. Kg1 Nc6 24. e4 fxe4 25. Bh6 Rf7 26. Ba2 Bxa2 27. Rxa2
Nxd4 28. Kh2 Nf5 0-1

[Event "1º TP-ROO"]
[Site "http://www.queenalice.com/game.php?id=388903"]
[Date "2008.4.16"]
[Round "3"]
[White "mg23campos"]
[Black "AhlaxAnder"]
[Result "0-1"]
[WhiteElo "1654"]
[BlackElo "1342"]

1. e4 e5 2. Nf3 Nc6 3. Bc4 Nf6 4. Ng5 d5 5. exd5 Nxd5 6. d3 f6 7. Qf3 Nd4 8.
Qxd5 Qxd5 9. Bxd5 Nxc2+ 10. Kd1 Nxa1 11. Nf7 c6 12. Nxh8 cxd5 13. Re1 g6 14. h3
Bg7 15. Nc3 Be6 16. Nb5 Kd7 17. d4 Bxh8 18. dxe5 fxe5 19. Bd2 Bf5 20. g4 Be4 21.
Re3 Bf6 22. Rc3 Bd8 23. f4 d4 24. Rc4 Bd3 25. Rc5 Bxb5 26. Rxb5 b6 27. fxe5 Ke6
28. Kc1 Rc8+ 29. Kb1 Nc2 30. h4 a6 31. Rb3 Kxe5 32. Rf3 Bxh4 33. Rf7 Ne3 34.
Rxh7 Bg5 35. a4 Kf4 36. Rh1 Kxg4 37. Rg1+ Kf5 38. b4 Bf4 39. Be1 Nc2 40. Bg3
Bxg3 41. Rxg3 Nxb4 42. Rb3 a5 43. Rf3+ Ke4 44. Rf6 Rc6 45. Rf8 d3 46. Re8+ Kf5
47. Rf8+ Kg5 48. Rf1 d2 49. Rd1 Rc2 50. Rg1+ Kf4 51. Rd1 Ke3 52. Ka1 Rc1+ 53.
Rxc1 dxc1=R+ 54. Kb2 Rc2+ 55. Kb3 g5 56. Ka3 g4 57. Kb3 g3 58. Ka3 g2 59. Kb3
g1=Q 60. Ka3 Qa1+ 61. Kb3 Rc3# 0-1

[Event "Challenge"]
[Site "http://www.queenalice.com/game.php?id=402577"]
[Date "2008.5.13"]
[Round "-"]
[White "miguelnalexandre"]
[Black "AhlaxAnder"]
[Result "1-0"]
[WhiteElo "1522"]
[BlackElo "1372"]

1. Nc3 e5 2. e4 Nf6 3. Nf3 Bc5 4. Nxe5 d6 5. Ng4 Nxg4 6. Be2 Nxf2 7. Rf1 Nxd1 8.
Kxd1 O-O 9. d3 Nc6 10. a3 Nd4 11. h3 Nxe2 12. Nxe2 f5 13. b4 Bb6 14. Bb2 1-0

[Event "1º TP-ROO"]
[Site "http://www.queenalice.com/game.php?id=438515"]
[Date "2008.7.24"]
[Round "4"]
[White "AhlaxAnder"]
[Black "Mutreta"]
[Result "0-1"]
[WhiteElo "1362"]
[BlackElo "1882"]

1. e4 e5 2. Nf3 Nc6 3. Bc4 h6 4. O-O Nf6 5. c3 Bc5 6. a4 a5 7. d3 O-O 8. d4 exd4
9. cxd4 Be7 10. Nc3 Nxe4 11. Nxe4 d5 12. Bd3 dxe4 13. Bxe4 Re8 14. Bxc6 bxc6 15.
Qc2 Ba6 16. Rd1 Qd5 17. Re1 Bd6 18. Be3 Re6 19. Qd1 Rg6 20. Bd2 Bb7 21. Re3 c5
22. Kf1 cxd4 23. Rb3 Ba6+ 24. Kg1 Bc4 25. Raa3 Bxb3 26. Rxb3 c5 27. Rb5 Bc7 28.
g3 Rb6 29. Rxb6 Bxb6 30. Bf4 c4 31. h4 d3 32. Kg2 Re8 33. Qc1 Re2 34. Be3 Bxe3
0-1